| 000 | 00441nam a2200181Ia 4500 | ||
|---|---|---|---|
| 001 | 10061 | ||
| 005 | 20260306161804.0 | ||
| 008 | 260306t1997||||xx |||||||||||||| ||spa|| | ||
| 041 | _aESP | ||
| 082 |
_aUY 869.81 _bG14 |
||
| 100 |
_aGaleano, Eduardo _eAUT |
||
| 245 | 0 | _aMemoria del fuego (III) El siglo del viento | |
| 260 | _c1997 | ||
| 300 |
_a374 páginas : _c21 cm. |
||
| 650 | _aGEN | ||
| 654 | _aCHU | ||
| 942 |
_cLIB _dJUS _fJUS _2ddc _n |
||
| 999 |
_c10061 _d10061 |
||